[Event "San Francisco TNM Spring op"]
[Site "San Francisco"]
[Date "2012.03.13"]
[Round "1"]
[White "Krasnov, Steven Lender"]
[Black "Chadwick, Richard"]
[Result "1-0"]
[WhiteElo "2033"]
[BlackElo "1600"]
[PlyCount "69"]
[EventDate "2012.03.13"]
[EventType "swiss"]
[EventRounds "8"]
[EventCountry "USA"]
[SourceTitle "EXT 2014"]
[Source "ChessBase"]
[SourceDate "2013.11.20"]
[SourceVersion "1"]
[SourceVersionDate "2013.11.20"]
[SourceQuality "1"]

1. c4 c5 2. Nf3 Nc6 3. g3 d6 4. Bg2 Rb8 5. Nc3 e6 6. 0-0 Nf6 7. d4 d5 8. Bf4 Bd6 9. cxd5 exd5 10. dxc5 Bxf4 11. gxf4 a6 12. Ne5 Be6 13. Qa4 Qc7 14. Rfd1 0-0 15. Nd3 Ne7 16. Rac1 Bd7 17. Qb3 Bc6 18. Ne5 Rfd8 19. e3 Rf8 20. Rd2 Rbd8 21. a3 Ne4 22. Nxe4 dxe4 23. Rxd8 Qxd8 24. Nxc6 bxc6 25. Bxe4 Qb8 26. Qb6 Nd5 27. Qxc6 Nc7 28. b4 Rd8 29. Qb7 g6 30. Qxb8 Rxb8 31. Rd1 Kf8 32. Rd7 Nb5 33. c6 Ke8 34. Bd5 Kf8 35. Rxf7+ 1-0

[Event "San Francisco TNM Peter Grey op"]
[Site "San Francisco"]
[Date "2010.09.07"]
[Round "6"]
[White "Chadwick, Richard"]
[Black "Dembling, Arthur"]
[Result "0-1"]
[WhiteElo "1687"]
[BlackElo "1738"]
[PlyCount "106"]
[EventDate "2010.08.03"]
[EventType "swiss"]
[EventRounds "9"]
[EventCountry "USA"]
[SourceTitle "EXT 2012"]
[Source "ChessBase"]
[SourceDate "2011.11.24"]
[SourceVersion "1"]
[SourceVersionDate "2011.11.24"]
[SourceQuality "1"]

1. e4 e6 2. d4 d5 3. e5 c5 4. c3 Nc6 5. Nf3 Bd7 6. Nbd2 cxd4 7. cxd4 Qb6 8. Nb3 Rc8 9. Bd2 Be7 10. Be2 f6 11. Bc3 fxe5 12. Nxe5 Nxe5 13. dxe5 Nh6 14. Qd4 Qxd4 15. Nxd4 a6 16. 0-0 0-0 17. f4 Nf5 18. Nxf5 Rxf5 19. g3 Bc5+ 20. Kg2 Bc6 21. Bf3 d4 22. Bd2 Rf7 23. Rac1 Bxf3+ 24. Kxf3 Rfc7 25. Ke2 Kf7 26. Kd3 Bb6 27. Rxc7+ Rxc7 28. Rc1 Rxc1 29. Bxc1 Ke7 30. b3 Kd7 31. Bb2 Kc6 32. Bxd4 Ba5 33. h3 Kd5 34. g4 g6 35. Bf2 Bb4 36. Ba7 Be1 37. Ke3 Bb4 38. Bb8 Bc5+ 39. Kd3 Ba3 40. Ba7 Bc1 41. Be3 Ba3 42. Bf2 Be7 43. h4 h5 44. gxh5 gxh5 45. Be1 Bc5 46. Bg3 b6 47. Be1 b5 48. Bg3 Bg1 49. Be1 Bh2 50. Ke3 Bg1+ 51. Bf2 Bxf2+ 52. Kxf2 Ke4 53. Kg3 b4 0-1

[Event "San Francisco TNM Peter Grey op"]
[Site "San Francisco"]
[Date "2010.08.17"]
[Round "3"]
[White "Newey, Richard H"]
[Black "Chadwick, Richard"]
[Result "1/2-1/2"]
[WhiteElo "1762"]
[BlackElo "1687"]
[PlyCount "79"]
[EventDate "2010.08.03"]
[EventType "swiss"]
[EventRounds "9"]
[EventCountry "USA"]
[SourceTitle "EXT 2012"]
[Source "ChessBase"]
[SourceDate "2011.11.24"]
[SourceVersion "1"]
[SourceVersionDate "2011.11.24"]
[SourceQuality "1"]

1. e4 c5 2. Nf3 d6 3. d4 cxd4 4. Nxd4 a6 5. c4 Nc6 6. Be3 g6 7. Be2 Bg7 8. 0-0 Nf6 9. Nc3 0-0 10. f4 e5 11. Nxc6 bxc6 12. c5 d5 13. fxe5 Nxe4 14. Nxe4 dxe4 15. Qd6 Qxd6 16. exd6 Be6 17. a4 a5 18. Rab1 Rab8 19. Rf2 Rb3 20. Bg5 h6 21. Bf6 Rb4 22. Rd1 Bxf6 23. Rxf6 Kg7 24. Rdf1 Bd7 25. b3 Be6 26. Bc4 Bxc4 27. bxc4 Rxc4 28. d7 Rxc5 29. d8Q Rxd8 30. Rxf7+ Kg8 31. Re7 Rf5 32. Rxe4 Rxf1+ 33. Kxf1 c5 34. Re6 Rd4 35. Rxg6+ Kh7 36. Rc6 Rxa4 37. Rxc5 Ra1+ 38. Ke2 a4 39. Ra5 a3 40. h3 1/2-1/2

[Event "San Francisco TNM Summer op"]
[Site "San Francisco"]
[Date "2010.06.22"]
[Round "5"]
[White "Chadwick, Richard"]
[Black "Cole, Tony"]
[Result "0-1"]
[WhiteElo "1719"]
[BlackElo "1287"]
[PlyCount "98"]
[EventDate "2010.05.25"]
[EventType "swiss"]
[EventRounds "8"]
[EventCountry "USA"]
[SourceTitle "EXT 2012"]
[Source "ChessBase"]
[SourceDate "2011.11.24"]
[SourceVersion "1"]
[SourceVersionDate "2011.11.24"]
[SourceQuality "1"]

1. d4 d5 2. c4 Nf6 3. Nf3 Nc6 4. Nc3 Bf5 5. a3 e6 6. e3 Be7 7. Bd3 0-0 8. 0-0 Bg4 9. h3 Bh5 10. Qc2 Bxf3 11. gxf3 g6 12. f4 dxc4 13. Bxc4 Nh5 14. Ne2 Qd7 15. Kh2 Bh4 16. b4 a6 17. Bb2 Ne7 18. Ng3 Bxg3+ 19. fxg3 Nf5 20. Rae1 Nfxg3 21. Rg1 Nf5 22. Qf2 Qd6 23. Be2 Nf6 24. Bf3 c6 25. Kh1 Ng7 26. Qh2 Nd5 27. h4 Nf6 28. e4 Nfh5 29. e5 Qd8 30. Bxh5 Nxh5 31. Qf2 Qd5+ 32. Kh2 Kh8 33. Rg5 Qa2 34. Re2 Qd5 35. Qe3 b5 36. Qf2 a5 37. Bc3 Qb3 38. Re3 Qxa3 39. bxa5 b4 40. Bb2 Qxa5 41. Rg1 Qa2 42. Re2 Qd5 43. Rc1 Ra2 44. Rcc2 b3 45. Rcd2 Rfa8 46. Kh3 Qh1+ 47. Kg4 Qd5 48. Qh2 f5+ 49. Kh3 Qf3+ 0-1

[Event "US Open-88"]
[Site "Portland"]
[Date "1987.08.02"]
[Round "1"]
[White "Chadwick, Richard"]
[Black "Kleszczewski, Nicholas"]
[Result "0-1"]
[WhiteElo "1705"]
[BlackElo "2196"]
[PlyCount "34"]
[EventDate "1987.08.02"]
[EventType "swiss"]
[EventRounds "12"]
[EventCountry "USA"]
[SourceTitle "EXT 1997"]
[Source "ChessBase"]
[SourceDate "1996.11.15"]
[SourceVersion "1"]
[SourceVersionDate "1996.11.15"]
[SourceQuality "1"]

1. d4 Nf6 2. c4 g6 3. Nc3 d5 4. cxd5 Nxd5 5. e4 Nxc3 6. bxc3 Bg7 7. Nf3 0-0 8. Bc4 c5 9. h3 Nc6 10. Be3 Qa5 11. Qb3 cxd4 12. Nxd4 Nxd4 13. Bxd4 Bxd4 14. Rc1 Bg7 15. 0-0 Qg5 16. Kh1 Qf4 17. Qc2 Be5 0-1